| 000 | 00541nam a2200193Ia 4500 | ||
|---|---|---|---|
| 005 | 20250508150802.0 | ||
| 008 | 008 250505s9999 xx 000 0 eng d | ||
| 037 | _aTextual | ||
| 040 |
_aFEDL _beng _cFEDL |
||
| 041 |
_aeng _2eng |
||
| 084 |
_a371.2, COO _qFEDL |
||
| 100 |
_aCooper Alfred M _9757643 |
||
| 245 | 0 | _aHow to supervise people | |
| 260 |
_aNew York, USA _bMcGraw-Hill Book Company _c1946 |
||
| 300 | _aix,162p. | ||
| 650 | _aSchool Administration | ||
| 942 |
_cTEXL _h371.2, COO |
||
| 999 |
_c1325658 _d1325658 |
||